000
00482nam a2200145Ia 4500
008
100204s9999 xx 000 0 und d
082
_b
24382
100
_a
कोर्डे अमित
245
_a
जनुकाचा नकाशा
260
_b
"ग्रंथाली ज्ञानयज्ञ , मुंबई"
_c
2000
300
_a
71
630
_a
जनुकाचा नकाशा
730
_a
जनुकाचा नकाशा
942
_c
BOOK
999
_c
469563
_d
469560